Histology (Record no. 129093)

MARC details
000 -LEADER
fixed length control field 00328nam a2200133Ia 4500
008 - FIXED-LENGTH DATA ELEMENTS--GENERAL INFORMATION
fixed length control field 211122s9999||||xx |||||||||||||| ||und||
082 ## - DEWEY DECIMAL CLASSIFICATION NUMBER
Classification number 571.5
Item number AGA-H
100 ## - MAIN ENTRY--PERSONAL NAME
Personal name Agarwal, V K
245 #0 - TITLE STATEMENT
Title Histology
260 ## - PUBLICATION, DISTRIBUTION, ETC.
Name of publisher, distributor, etc. S Chand & Company
Place of publication, distribution, etc. New Delhi
Date of publication, distribution, etc. 2000
630 ## - SUBJECT ADDED ENTRY--UNIFORM TITLE
General subdivision General Stack
650 ## - SUBJECT ADDED ENTRY--TOPICAL TERM
Topical term or geographic name entry element HistologyBotany
942 ## - ADDED ENTRY ELEMENTS (KOHA)
Koha item type BOOK
Holdings
Withdrawn status Lost status Damaged status Not for loan Home library Current library Date acquired Cost, normal purchase price Total Checkouts Full call number Barcode Shelving location Date last seen Price effective from Koha item type
        SB LIBRARY SB LIBRARY 22/11/2021 15.00   571.5 AGA-H 00111052 GENERAL STACK 22/11/2021 22/11/2021 BOOK

Powered by Koha